000 00591nam a22002417a 4500
003 UA-OsUOA
001 42420
007 ta
008 20061106b un ||||| |||| 00| 0 ukr d
100 _aKoprowski M.
090 _a94(477.8)
942 _cBK
040 _aUA-OsUOA
_bpol
_cUA-OsUOA
_dUA-OsUOA
245 _aWolynia dzien dzisiejszy
300 _a232 с.
955 _a2
041 _apol
080 _a94(477.8)
020 _a83-88863-11-8
260 _aBialy Dunajec-Ostrog
_c2004
650 7 _a9 Географія. Біографії. Історія
_2UDC
999 _c328546
_d328546